=LDR 00000nam 2200000 4500 =001 INLIS000000000011025 =005 20130612102630 =008 ***********************************Ind** =035 ##$$0010-061300000011025 =041 ##$$a Ind =082 ##$$a 658.85 =090 ##$$a 658.85, Afi-p =100 ##$$a Afif, Faisal =245 ##$$a Psikologi Penjualan, fisal afif =260 ##$$a 1983 $b Bandung =300 ##$$a 92 hlm, ilus, 21 cm =650 ##$$a Manajemen Penjualan =850 ##$$a NBPNMAT